01063 2200361 4500001002100000005001500021035002000036007000300056040001700059100002800076245013100104250001000235300003500245504003000280020002200310041000800332082001000340084001600350090002200366264003300388336002100421337003000442338002300472650001200495700002700507850001000534008004100544990002200585990002200607990002200629990002500651990002500676INLIS00000000001004820260409095339 a0010-0123000375ta aSBPUPADbind0 aKuncoro HadiePengarang1 aBuku Pintar Super Lengkap Pahlawan Nasional Profil Lengkap Perjuangan 156 Pahlawan Nasional Republik Indonesia /cKuncoro Hadi aCet.1 axii, 491 hlm :bilus. ;c21 cm aBibiliografi, hlm 485-487 a978-602-9434-61-3 aind a923.5 a923.5 HAD b b923.5 HAD b 25-11 aYogyakarta :bFamilia,c2015 2rdacontentaTeks 2rdamediaatanpa perantara 2rdacarrieravolume 4aSejarah aEditor,QoniePengarang aPUPAD260409 0  a24.526/H/DPK/2017 a24.527/H/DPK/2017 a29.280/B/DPK/2018 a32.049/APBD/DPK/2019 a32.050/APBD/DPK/2019